000 00423nam a2200157Ia 4500
003 GCL
008 140319s9999 xx 000 0 eng d
040 _aGCL /
_cGCL
082 0 4 _a362.1782068
_bT E
100 1 _aTOOTELIAN, DENNIS H.
245 1 0 _aESSENTIALS OF PHARMACY MANAGEMENT /
_cTOOTELIAN, DENNIS H.
260 _a[S.N] :
_bMOSBY ،
_c1993
300 _a407 P
650 0 4 _aPHARMACY - MANAGEMENT
942 _2ddc
_cBK
999 _c25338
_d25338